000 00778nam a2200253 a 4500
008 951212s1977||||[C 0 slo c
020 _c20 Kčs.
_q(10000 výtl.)
040 _aSNK
_bslo
_cSNK
_eAACR2
041 1 _aslo
_hrus
044 _axo
_cSK
080 _a882-3
100 1 _aERENBURG, Iĺja
_4aut
245 1 0 _aLáska Jeanny Neuillovej
_cIĺja ERENBURG ; Iĺja Erenburg, Jarmila Hlinická, Rudolf Fila, Jozef Gális
250 _a2., vyd.
260 _aBratislava
_bSmena
_c1977
_eBratislava
_fPravda
300 _a288 s., 20,55 AH
_c21 cm
490 0 _aEva
_vZv. 51.
500 _aIlustr. na front. Predsádky.
700 1 _aErenburg, Iĺja
_4aut
700 1 _aHlinická, Jarmila
_4trl
700 1 _aFila, Rudolf
_4bkd
700 1 _aGális, Jozef
_4bkd
958 _aA
999 _c10529
_d10529